Statistiques concernant 15 principaux pays touchés par Covid-19 - 23 juillet

Cliquez ici pour prendre le quiz!

Statistiques générales

  • Ce quiz a été pris 34 fois
  • Le résultat moyen est 13 sur 25

Statistiques - réponses

pays% Correct
Etats-Unis
97%
Espagne
91%
Brésil
88%
Mexique
82%
Inde
79%
Italie
79%
Russie
76%
Chili
71%
Chili
71%
Pérou
65%
Royaume-Uni
65%
Iran
53%
Colombie
44%
Suède
44%
Arabie Saoudite
41%
Afrique du Sud
38%
Pakistan
29%
Panama
24%
Qatar
24%
Oman
21%
Arménie
15%
Bahreïn
15%
Koweït
15%
Singapour
15%
Biélorussie
12%

Distribution des résultats

Percentile par nombre de réponses

% des personnes avec chaque résultat

Votre développement - résultats

Vous n’avez pas pris ce quiz